Every British Monarch - Statistics

General Stats
  • This quiz has been taken 299 times
    147 since last reset
  • The average score is 12 of 13
Answer Stats
Reign House Answer % Correct
2022- Windsor Charles III
100%
1952-2022 Windsor Elizabeth II
99%
1714-1727 Hanover George I
98%
1727-1760 Hanover George II
98%
1760-1820 Hanover George III
98%
1820-1830 Hanover George IV
98%
1910-1936 Saxe-Coburg and Gotha George V
98%
1936-1952 Windsor George VI
98%
1837-1901 Hanover Victoria
96%
1901-1910 Hanover Edward VII
95%
1936 Windsor Edward VIII
95%
1830-1837 Hanover William IV
85%
1707-1714 Stuart Anne
80%
No matching quizzes found
Score Distribution
Percent of People with Each Score
Percentile by Number Answered
Your Score History
You have not taken this quiz since the last reset